Tokové vlastnosti škrobov po prídavku hemicelulózovej frakcie izolovanej zo šupiek pohánky

Na minha lista:
Detalhes bibliográficos
Autor principal: Stadlerová, Katarína (Author)
Formato: Manuscrito Livro
Idioma:eslovaco
Publicado em: Bratislava : STU v Bratislave FCHPT, 2002
Edição:Obháj.: 7.6.2002
Tags: Adicionar Tag
Sem tags, seja o primeiro a adicionar uma tag!

MARC

LEADER 00000ntm a22000003a 4500
001 stu76597
005 20150617225645.3
008 020711s2002----xo------------------slo-d
040 |a STU  |b slo 
041 0 |a slo 
044 |a xo 
100 1 |a Stadlerová, Katarína  |4 aut 
245 1 |a Tokové vlastnosti škrobov po prídavku hemicelulózovej frakcie izolovanej zo šupiek pohánky 
250 |a Obháj.: 7.6.2002 
260 |a Bratislava :  |b STU v Bratislave FCHPT,  |c 2002 
300 |a 51 s. Obr.,tab.,grafy, prílohy 
500 |a Špec.: Chémia a technológia sacharidov a cereálií 
996 |b 284C026896  |c C*D13597  |l CCI  |s A  |a 24  |w stu76597_0001